000 01802nam a2200229Ia 4500
003 Ost
005 20260507075331.0
008 260507s9999||||xx |||||||||||||| ||und||
020 _a13727099579
040 _cfsecg
041 _aara
082 _a330
100 _aأبو الفتوح، نجاح عبد العليم عبد الوهاب
_eمؤلف
245 0 _aالاقتصاد الاسلامي :
_bالنظام و النظرية /
_c نجاح عبد العليم عبد الوهاب أبو الفتوح
260 _aاربد:
_bعالم الكتب الحديث,
_c2011
300 _a508 صفحة؛
_bإيضاحات ؛
_c24 سم
520 _aالاقتصاد الاسلامي و الاقتصاد التقليدي ، علم الاقتصاد الاسلامي و علاقته بعلمي الفقه و اصول الفقه ، الاقتصاد الاسلامي : المذهب و النظام ، اختلاف معايير التقييم بين النظم الاقتصادية ، النظرية الاقتصادية الاسلامية : الاقتصاد الوحدي ، عدالة توزيع الدخل و الثورة في الاقتصاد الاسلامي ، بحث في أهم مستتبعات التطبيق الالزامي للزكاة على الكفاءة ، الاقتصاد التجميعي : تحليل الدخل القومي ، مقدرة الاقتصاد الاسلامي على تحقيق كفاءة التخصيص ، النقود و المصارف الاسلامية ، اطار مقترح للتنمية في الاقتصاد الاسلامي ، بعض المفاهيم الهامة في الاقتصاد الاسلامي
653 _aالاقتصاد
653 _aالاقتصاد الاسلامي
653 _aالإقتصاد- الفقه الاسلامي
942 _cكتاب
999 _c44008
_d44008